ASHRAE design guide for air terminal units : (Record no. 599495)

000 -LEADER
fixed length control field 00289nam a2200109Ia 4500
008 - FIXED-LENGTH DATA ELEMENTS--GENERAL INFORMATION
fixed length control field 230907s9999||||xx |||||||||||||| ||und||
082 ## - DEWEY DECIMAL CLASSIFICATION NUMBER
Classification number 697.93
Author Mark ASH
100 ## - MAIN ENTRY--PERSONAL NAME
Personal name John, David A.
9 (RLIN) 115769
245 #0 - TITLE STATEMENT
Title ASHRAE design guide for air terminal units :
300 ## - PHYSICAL DESCRIPTION
Extent xi, 226 pages :
942 ## - ADDED ENTRY ELEMENTS (KOHA)
Koha item type Book
Holdings
Withdrawn status Lost status Damaged status Not for loan Permanent Location Current Location Date acquired Total Checkouts Full call number Barcode Date last seen Price effective from Koha item type
        US-Pakistan Center for Advanced Studies in Energy (USPCAS-E) US-Pakistan Center for Advanced Studies in Energy (USPCAS-E) 10/03/2019   697.93 ASH CAS-E0003594 09/12/2023 09/12/2023 Book
© 2023 Central Library, National University of Sciences and Technology. All Rights Reserved.